[Event "Grand Swiss "]
[Date "2025.09.13"]
[White "Moussard, Jules"]
[Black "Kollars, Dmitrij"]
[WhiteElo "2591"]
[BlackElo "2647"]
[Round "8.8.39"]
[Result "1/2-1/2"]

1. e4 {[%clk 01:40:57] [%emt 00:00:02]} e5 {[%clk 01:40:54] [%emt 00:00:07]} 2.
Nf3 {[%clk 01:41:19] [%emt 00:00:08]} Nc6 {[%clk 01:41:18] [%emt 00:00:05]} 3.
g3 {[%clk 01:41:36] [%emt 00:00:14]} Nf6 {[%clk 01:37:03] [%emt 00:04:45]} 4. d3
{[%clk 01:41:40] [%emt 00:00:26]} d5 {[%clk 01:36:06] [%emt 00:01:27]} 5. exd5
{[%clk 01:41:59] [%emt 00:00:11]} Nxd5 {[%clk 01:35:55] [%emt 00:00:41]} 6. Bg2
{[%clk 01:42:15] [%emt 00:00:14]} Bd6 {[%clk 01:35:16] [%emt 00:01:09]} 7. O-O
{[%clk 01:42:29] [%emt 00:00:15]} O-O {[%clk 01:35:01] [%emt 00:00:45]} 8. a3
{[%clk 01:42:50] [%emt 00:00:09]} a5 {[%clk 01:32:19] [%emt 00:03:12]} 9. Re1
{[%clk 01:42:30] [%emt 00:00:50]} Bg4 {[%clk 01:27:41] [%emt 00:05:08]} 10. h3
{[%clk 01:38:35] [%emt 00:04:25]} Bh5 {[%clk 01:24:18] [%emt 00:03:53]} 11. c4
{[%clk 01:25:02] [%emt 00:14:03]} Nb6 {[%clk 01:21:45] [%emt 00:03:02]} 12. Nc3
{[%clk 01:22:37] [%emt 00:02:55]} Nd7 {[%clk 01:20:13] [%emt 00:02:02]} 13. g4
{[%clk 01:12:36] [%emt 00:10:31]} Bg6 {[%clk 01:20:32] [%emt 00:00:10]} 14. Bg5
{[%clk 01:12:59] [%emt 00:00:07]} f6 {[%clk 01:15:39] [%emt 00:05:24]} 15. Be3
{[%clk 01:11:59] [%emt 00:01:29]} Nc5 {[%clk 01:10:48] [%emt 00:05:21]} 16. Nh4
{[%clk 01:09:35] [%emt 00:02:54]} Bf7 {[%clk 01:09:42] [%emt 00:01:35]} 17. Nf5
{[%clk 01:07:48] [%emt 00:02:19]} Ne6 {[%clk 00:59:01] [%emt 00:11:11]} 18. Bd5
{[%clk 00:57:56] [%emt 00:10:21]} Re8 {[%clk 00:47:44] [%emt 00:11:48]} 19. Qf3
{[%clk 00:51:53] [%emt 00:06:33]} Ra6 {[%clk 00:37:30] [%emt 00:10:45]} 20. Ne4
{[%clk 00:48:22] [%emt 00:04:00]} Bf8 {[%clk 00:35:49] [%emt 00:02:11]} 21. h4
{[%clk 00:42:53] [%emt 00:05:59]} Kh8 {[%clk 00:31:41] [%emt 00:04:38]} 22. h5
{[%clk 00:26:02] [%emt 00:17:21]} h6 {[%clk 00:28:00] [%emt 00:04:11]} 23. Rad1
{[%clk 00:24:38] [%emt 00:01:53]} Bg8 {[%clk 00:27:34] [%emt 00:00:55]} 24. Qg2
{[%clk 00:22:12] [%emt 00:02:56]} Ncd4 {[%clk 00:23:49] [%emt 00:04:15]} 25.
Neg3 {[%clk 00:16:30] [%emt 00:06:13]} c6 {[%clk 00:22:47] [%emt 00:01:32]} 26.
Be4 {[%clk 00:15:42] [%emt 00:01:18]} Bf7 {[%clk 00:20:36] [%emt 00:02:41]} 27.
Nxd4 {[%clk 00:14:54] [%emt 00:01:19]} exd4 {[%clk 00:19:18] [%emt 00:01:47]}
28. Bc1 {[%clk 00:15:10] [%emt 00:00:15]} Nc5 {[%clk 00:18:06] [%emt 00:01:43]}
29. Bf5 {[%clk 00:13:25] [%emt 00:02:15]} Ra8 {[%clk 00:17:08] [%emt 00:01:27]}
30. Qf3 {[%clk 00:13:00] [%emt 00:00:54]} b5 {[%clk 00:12:35] [%emt 00:05:04]}
31. Rxe8 {[%clk 00:06:01] [%emt 00:07:30]} Qxe8 {[%clk 00:12:55] [%emt
00:00:10]} 32. cxb5 {[%clk 00:06:19] [%emt 00:00:12]} cxb5 {[%clk 00:10:40]
[%emt 00:02:44]} 33. Bd2 {[%clk 00:04:58] [%emt 00:01:51]} Nb3 {[%clk 00:09:02]
[%emt 00:02:08]} 34. Bf4 {[%clk 00:04:45] [%emt 00:00:42]} Rd8 {[%clk 00:08:17]
[%emt 00:01:15]} 35. Bc7 {[%clk 00:04:13] [%emt 00:01:03]} Bd5 {[%clk 00:07:28]
[%emt 00:01:20]} 36. Be4 {[%clk 00:04:20] [%emt 00:00:22]} Bxe4 {[%clk 00:06:30]
[%emt 00:01:29]} 37. dxe4 {[%clk 00:04:45] [%emt 00:00:04]} Rc8 {[%clk 00:06:53]
[%emt 00:00:08]} 38. Qxb3 {[%clk 00:05:10] [%emt 00:00:04]} Rxc7 {[%clk
00:07:20] [%emt 00:00:03]} 39. Rxd4 {[%clk 00:05:32] [%emt 00:00:08]} a4 {[%clk
00:04:28] [%emt 00:03:22]} 40. Qd3 {[%clk 00:05:02] [%emt 00:01:00]} Rc8 {[%clk
00:02:18] [%emt 00:02:40]} 41. Rd5 {[%clk 00:01:25] [%emt 00:04:07]} b4 {[%clk
00:43:44] [%emt 00:09:04]} 42. axb4 {[%clk 00:50:37] [%emt 00:01:18]} Bxb4
{[%clk 00:44:09] [%emt 00:00:05]} 43. Nf5 {[%clk 00:49:30] [%emt 00:01:35]} Bf8
{[%clk 00:43:31] [%emt 00:01:10]} 44. Rd7 {[%clk 00:36:58] [%emt 00:13:02]} Rb8
{[%clk 00:39:49] [%emt 00:04:12]} 45. Qd4 {[%clk 00:25:50] [%emt 00:11:38]} Qc8
{[%clk 00:33:40] [%emt 00:06:39]} 46. Kg2 {[%clk 00:22:54] [%emt 00:03:26]} Qc2
{[%clk 00:29:19] [%emt 00:04:51]} 47. g5 {[%clk 00:10:56] [%emt 00:12:29]} fxg5
{[%clk 00:22:12] [%emt 00:07:37]} 48. Rxg7 {[%clk 00:01:24] [%emt 00:10:01]} Rb4
{[%clk 00:18:35] [%emt 00:04:07]} 49. Rc7+ {[%clk 00:01:30] [%emt 00:00:25]}
Rxd4 {[%clk 00:18:59] [%emt 00:00:06]} 50. Rxc2 {[%clk 00:01:57] [%emt
00:00:02]} Rxe4 {[%clk 00:16:17] [%emt 00:03:12]} 51. Rc8 {[%clk 00:02:26] [%emt
00:00:02]} Kg8 {[%clk 00:16:34] [%emt 00:00:12]} 52. Nxh6+ {[%clk 00:02:53]
[%emt 00:00:03]} Kh7 {[%clk 00:16:57] [%emt 00:00:07]} 53. Nf5 {[%clk 00:03:18]
[%emt 00:00:05]} Bb4 {[%clk 00:16:52] [%emt 00:00:35]} 54. Rc7+ {[%clk 00:03:43]
[%emt 00:00:06]} Kh8 {[%clk 00:16:59] [%emt 00:00:23]} 55. Rc8+ {[%clk 00:04:10]
[%emt 00:00:04]} Kh7 {[%clk 00:17:28] [%emt 00:00:01]} 56. Rc7+ {[%clk 00:03:40]
[%emt 00:01:00]} Kh8 {[%clk 00:17:56] [%emt 00:00:02]} 57. Rb7 {[%clk 00:01:31]
[%emt 00:02:39]} Rf4 {[%clk 00:12:17] [%emt 00:06:08]} 58. Rb8+ {[%clk 00:01:57]
[%emt 00:00:04]} Kh7 {[%clk 00:12:45] [%emt 00:00:02]} 59. Rb7+ {[%clk 00:02:22]
[%emt 00:00:06]} Kh8 {[%clk 00:13:12] [%emt 00:00:03]} 60. Nh6 {[%clk 00:00:58]
[%emt 00:01:55]} Bc5 {[%clk 00:06:28] [%emt 00:07:14]} 61. f3 {[%clk 00:11:06]
[%emt 00:05:20]} Rb4 {[%clk 00:19:35] [%emt 00:02:24]} 62. Nf7+ {[%clk 00:08:43]
[%emt 00:02:53]} Kg7 {[%clk 00:13:07] [%emt 00:06:58]} 63. h6+ {[%clk 00:07:10]
[%emt 00:02:04]} Kg6 {[%clk 00:11:48] [%emt 00:01:49]} 64. Rxb4 {[%clk 00:07:33]
[%emt 00:00:06]} Bxb4 {[%clk 00:12:13] [%emt 00:00:04]} 65. h7 {[%clk 00:07:58]
[%emt 00:00:05]} Kxh7 {[%clk 00:12:33] [%emt 00:00:11]} 66. Nxg5+ {[%clk
00:08:25] [%emt 00:00:02]} Kg6 {[%clk 00:12:54] [%emt 00:00:08]} 67. Ne4 {[%clk
00:08:50] [%emt 00:00:06]} Kf5 {[%clk 00:12:27] [%emt 00:00:56]} 68. Kf2 {[%clk
00:09:15] [%emt 00:00:06]} a3 {[%clk 00:12:10] [%emt 00:00:47]} 69. bxa3 {[%clk
00:09:42] [%emt 00:00:03]} Bxa3 {[%clk 00:12:37] [%emt 00:00:03]} 70. f4 {[%clk
00:10:09] [%emt 00:00:03]} Kxf4 {[%clk 00:13:01] [%emt 00:00:06]} 1/2-1/2

[Site "Europe Echecs"]

[Event "Grand Swiss "]
[Date "2025.09.13"]
[White "Abdisalimov, Abdimalik"]
[Black "Svane, Frederik"]
[WhiteElo "2488"]
[BlackElo "2643"]
[Round "8.8.40"]
[Result "1-0"]

1. e4 {[%clk 01:40:42] [%emt 00:00:17]} e5 {[%clk 01:40:55] [%emt 00:00:05]} 2.
Nf3 {[%clk 01:41:08] [%emt 00:00:05]} Nc6 {[%clk 01:41:21] [%emt 00:00:05]} 3.
Bb5 {[%clk 01:41:33] [%emt 00:00:04]} a6 {[%clk 01:41:47] [%emt 00:00:05]} 4.
Ba4 {[%clk 01:41:59] [%emt 00:00:04]} Nf6 {[%clk 01:42:12] [%emt 00:00:04]} 5.
O-O {[%clk 01:42:23] [%emt 00:00:06]} Be7 {[%clk 01:42:39] [%emt 00:00:04]} 6.
Re1 {[%clk 01:42:46] [%emt 00:00:06]} b5 {[%clk 01:43:04] [%emt 00:00:05]} 7.
Bb3 {[%clk 01:43:13] [%emt 00:00:03]} O-O {[%clk 01:43:27] [%emt 00:00:07]} 8.
c3 {[%clk 01:42:46] [%emt 00:00:57]} d6 {[%clk 01:37:47] [%emt 00:06:11]} 9. h3
{[%clk 01:42:32] [%emt 00:00:44]} h6 {[%clk 01:37:28] [%emt 00:00:50]} 10. d4
{[%clk 01:42:35] [%emt 00:00:26]} Bd7 {[%clk 01:34:53] [%emt 00:03:05]} 11. Nbd2
{[%clk 01:42:24] [%emt 00:00:41]} Re8 {[%clk 01:34:58] [%emt 00:00:25]} 12. Nf1
{[%clk 01:41:58] [%emt 00:00:56]} a5 {[%clk 01:29:46] [%emt 00:05:42]} 13. a4
{[%clk 01:35:33] [%emt 00:06:55]} bxa4 {[%clk 01:26:41] [%emt 00:03:35]} 14.
Bxa4 {[%clk 01:35:54] [%emt 00:00:09]} exd4 {[%clk 01:27:08] [%emt 00:00:03]}
15. cxd4 {[%clk 01:34:57] [%emt 00:01:26]} Nb4 {[%clk 01:27:23] [%emt 00:00:15]}
16. Ng3 {[%clk 01:31:03] [%emt 00:04:23]} Bf8 {[%clk 01:26:05] [%emt 00:01:49]}
17. Bxd7 {[%clk 01:22:30] [%emt 00:09:03]} Qxd7 {[%clk 01:25:43] [%emt
00:00:53]} 18. Bd2 {[%clk 01:22:54] [%emt 00:00:06]} c5 {[%clk 00:39:09] [%emt
00:47:04]} 19. Bc3 {[%clk 01:22:17] [%emt 00:01:07]} cxd4 {[%clk 00:16:28] [%emt
00:23:11]} 20. Nxd4 {[%clk 01:20:04] [%emt 00:02:43]} d5 {[%clk 00:07:32] [%emt
00:09:27]} 21. e5 {[%clk 01:09:38] [%emt 00:10:56]} Ne4 {[%clk 00:06:55] [%emt
00:01:06]} 22. Nxe4 {[%clk 01:09:45] [%emt 00:00:23]} dxe4 {[%clk 00:07:22]
[%emt 00:00:04]} 23. Rxe4 {[%clk 01:09:58] [%emt 00:00:16]} Qd5 {[%clk 00:02:20]
[%emt 00:05:32]} 24. Qe2 {[%clk 01:07:19] [%emt 00:03:09]} Bc5 {[%clk 00:00:33]
[%emt 00:02:17]} 25. Nf5 {[%clk 01:06:52] [%emt 00:00:57]} Qe6 {[%clk 00:00:32]
[%emt 00:00:32]} 26. Qg4 {[%clk 01:06:25] [%emt 00:00:57]} Bf8 {[%clk 00:00:59]
[%emt 00:00:03]} 27. Nd6 {[%clk 01:01:03] [%emt 00:05:52]} Qxg4 {[%clk 00:01:26]
[%emt 00:00:03]} 28. Rxg4 {[%clk 01:01:29] [%emt 00:00:05]} Reb8 {[%clk
00:01:51] [%emt 00:00:05]} 29. Bxb4 {[%clk 00:59:40] [%emt 00:02:19]} axb4
{[%clk 00:02:21]} 30. Rxa8 {[%clk 00:57:50] [%emt 00:02:19]} Rxa8 {[%clk
00:02:50] [%emt 00:00:01]} 31. Rxb4 {[%emt 00:03:31]} f6 32. f4 {[%clk 00:50:59]
[%emt 00:04:19]} g5 {[%clk 00:00:56] [%emt 00:02:53]} 33. Rb7 {[%clk 00:48:50]
[%emt 00:02:39]} Ra4 {[%clk 00:01:14] [%emt 00:00:12]} 34. Ne8 {[%clk 00:47:54]
[%emt 00:01:25]} Bc5+ {[%clk 00:01:26] [%emt 00:00:19]} 35. Kh2 {[%clk 00:48:17]
[%emt 00:00:07]} fxe5 {[%clk 00:00:32] [%emt 00:01:24]} 36. Nf6+ {[%clk
00:48:43] [%emt 00:00:04]} Kf8 {[%clk 00:00:59] [%emt 00:00:03]} 37. Nd7+ {[%clk
00:49:07] [%emt 00:00:06]} 1-0

[Site "Europe Echecs"]

[Event "Grand Swiss "]
[Date "2025.09.13"]
[White "Bacrot, Etienne"]
[Black "Aryan Chopra"]
[WhiteElo "2637"]
[BlackElo "2619"]
[Round "8.8.41"]
[Result "1/2-1/2"]

1. e4 {[%clk 01:40:57] [%emt 00:00:01]} e5 {[%clk 01:40:55] [%emt 00:00:06]} 2.
Nf3 {[%clk 01:41:23] [%emt 00:00:04]} Nc6 {[%clk 01:41:21] [%emt 00:00:04]} 3.
Bb5 {[%clk 01:41:49] [%emt 00:00:04]} a6 {[%clk 01:41:46] [%emt 00:00:05]} 4.
Ba4 {[%clk 01:42:15] [%emt 00:00:04]} Nf6 {[%clk 01:42:12] [%emt 00:00:04]} 5.
O-O {[%clk 01:42:38] [%emt 00:00:06]} b5 {[%clk 01:42:39] [%emt 00:00:03]} 6.
Bb3 {[%clk 01:42:58] [%emt 00:00:10]} Bc5 {[%clk 01:43:03] [%emt 00:00:06]} 7.
a4 {[%clk 01:39:58] [%emt 00:03:30]} Rb8 {[%clk 01:43:26] [%emt 00:00:07]} 8. c3
{[%clk 01:38:25] [%emt 00:02:04]} d6 {[%clk 01:43:48] [%emt 00:00:08]} 9. d4
{[%clk 01:38:48] [%emt 00:00:06]} Bb6 {[%clk 01:44:13] [%emt 00:00:06]} 10. axb5
{[%clk 01:38:20] [%emt 00:00:58]} axb5 {[%clk 01:44:36] [%emt 00:00:07]} 11. Qd3
{[%clk 01:38:37] [%emt 00:00:13]} O-O {[%clk 01:42:31] [%emt 00:02:34]} 12. Bg5
{[%clk 01:38:24] [%emt 00:00:44]} exd4 {[%clk 01:42:09] [%emt 00:00:52]} 13.
cxd4 {[%clk 01:38:32] [%emt 00:00:21]} h6 {[%clk 01:42:29] [%emt 00:00:10]} 14.
Bh4 {[%clk 01:38:37] [%emt 00:00:25]} g5 {[%clk 01:42:04] [%emt 00:00:56]} 15.
Bg3 {[%clk 01:38:48] [%emt 00:00:19]} Nh5 {[%clk 01:41:19] [%emt 00:01:15]} 16.
Nc3 {[%clk 01:37:19] [%emt 00:01:58]} Bg4 {[%clk 01:39:36] [%emt 00:02:14]} 17.
e5 {[%clk 01:00:38] [%emt 00:37:11]} Kg7 {[%clk 01:25:15] [%emt 00:14:51]} 18.
exd6 {[%clk 01:00:16] [%emt 00:00:51]} Nxg3 {[%clk 01:15:48] [%emt 00:09:57]}
19. dxc7 {[%clk 00:50:45] [%emt 00:10:01]} Bxc7 {[%clk 01:16:09] [%emt
00:00:09]} 20. hxg3 {[%clk 00:51:10] [%emt 00:00:05]} Bxf3 {[%clk 01:16:24]
[%emt 00:00:15]} 21. Bc2 {[%clk 00:49:28] [%emt 00:02:11]} Rh8 {[%clk 01:14:09]
[%emt 00:02:45]} 22. gxf3 {[%clk 00:48:13] [%emt 00:01:45]} Qxd4 {[%clk
01:06:23] [%emt 00:08:16]} 23. Nxb5 {[%clk 00:43:13] [%emt 00:05:30]} Qxd3
{[%clk 01:05:41] [%emt 00:01:12]} 24. Bxd3 {[%clk 00:43:37] [%emt 00:00:06]} Be5
{[%clk 01:06:06] [%emt 00:00:05]} 25. Rac1 {[%clk 00:39:54] [%emt 00:04:12]} Nd4
{[%clk 01:05:10] [%emt 00:01:27]} 26. Nxd4 {[%clk 00:40:18] [%emt 00:00:06]}
Bxd4 {[%clk 01:05:36] [%emt 00:00:04]} 27. Rc2 {[%clk 00:40:43] [%emt 00:00:04]}
Rxb2 {[%clk 01:06:00] [%emt 00:00:07]} 28. Rxb2 {[%clk 00:41:09] [%emt
00:00:04]} Bxb2 {[%clk 01:06:24] [%emt 00:00:06]} 29. Rb1 {[%clk 00:41:28] [%emt
00:00:10]} Rb8 {[%clk 01:06:49] [%emt 00:00:06]} 30. Kg2 {[%clk 00:41:51] [%emt
00:00:07]} Be5 {[%clk 01:07:15] [%emt 00:00:05]} 31. Rxb8 {[%clk 00:42:17] [%emt
00:00:04]} Bxb8 {[%clk 01:07:42] [%emt 00:00:04]} 1/2-1/2

[Site "Europe Echecs"]

[Event "Grand Swiss "]
[Date "2025.09.13"]
[White "Amin, Bassem"]
[Black "Korobov, Anton"]
[WhiteElo "2636"]
[BlackElo "2616"]
[Round "8.8.42"]
[Result "0-1"]

1. e4 {[%clk 01:40:35] [%emt 00:00:24]} c5 {[%clk 01:40:53] [%emt 00:00:07]} 2.
Nf3 {[%clk 01:40:17] [%emt 00:00:47]} e6 {[%clk 01:41:18] [%emt 00:00:07]} 3. d3
{[%clk 01:38:23] [%emt 00:02:25]} Nc6 {[%clk 01:41:32] [%emt 00:00:15]} 4. g3
{[%clk 01:38:47] [%emt 00:00:06]} g6 {[%clk 01:41:56] [%emt 00:00:05]} 5. Bg2
{[%clk 01:39:12] [%emt 00:00:06]} Bg7 {[%clk 01:42:20] [%emt 00:00:06]} 6. O-O
{[%clk 01:39:23] [%emt 00:00:19]} d6 {[%clk 01:38:43] [%emt 00:04:06]} 7. c3
{[%clk 01:37:54] [%emt 00:01:59]} Nf6 {[%clk 01:37:36] [%emt 00:01:37]} 8. Re1
{[%clk 01:35:47] [%emt 00:02:37]} e5 {[%clk 01:33:56] [%emt 00:04:10]} 9. a3
{[%clk 01:28:27] [%emt 00:07:51]} O-O {[%clk 01:32:26] [%emt 00:02:00]} 10. b4
{[%clk 01:28:53] [%emt 00:00:04]} h6 {[%clk 01:32:10] [%emt 00:00:45]} 11. Bb2
{[%clk 01:22:40] [%emt 00:06:44]} Be6 {[%clk 01:24:39] [%emt 00:07:58]} 12. b5
{[%clk 01:19:49] [%emt 00:03:22]} Ne7 {[%clk 01:20:32] [%emt 00:04:37]} 13. c4
{[%clk 01:16:55] [%emt 00:03:25]} Nh7 {[%clk 01:14:21] [%emt 00:06:40]} 14. Nc3
{[%clk 01:14:10] [%emt 00:03:15]} Qd7 {[%clk 01:13:59] [%emt 00:00:52]} 15. Nd2
{[%clk 01:08:42] [%emt 00:05:58]} f5 {[%clk 01:10:00] [%emt 00:04:28]} 16. exf5
{[%clk 01:08:35] [%emt 00:00:38]} gxf5 {[%clk 01:06:37] [%emt 00:03:52]} 17. f4
{[%clk 01:05:10] [%emt 00:03:56]} Ng6 {[%clk 01:04:15] [%emt 00:02:53]} 18. Nb3
{[%clk 00:44:58] [%emt 00:20:42]} Rac8 {[%clk 00:52:44] [%emt 00:12:00]} 19. Na5
{[%clk 00:39:11] [%emt 00:06:18]} Rb8 {[%clk 00:52:30] [%emt 00:00:44]} 20. Nb3
{[%clk 00:32:41] [%emt 00:07:00]} Nf6 {[%clk 00:50:35] [%emt 00:02:24]} 21. Qd2
{[%clk 00:26:22] [%emt 00:06:50]} exf4 {[%clk 00:48:21] [%emt 00:02:44]} 22.
gxf4 {[%clk 00:25:36] [%emt 00:01:17]} Kh7 {[%clk 00:47:23] [%emt 00:01:27]} 23.
Re2 {[%clk 00:22:34] [%emt 00:03:32]} Nh4 {[%clk 00:46:43] [%emt 00:01:09]} 24.
Bh1 {[%clk 00:19:35] [%emt 00:03:30]} Rg8 {[%clk 00:45:21] [%emt 00:01:51]} 25.
Kf1 {[%clk 00:16:46] [%emt 00:03:20]} Rbe8 {[%clk 00:30:49] [%emt 00:15:03]} 26.
Qe1 {[%clk 00:16:14] [%emt 00:01:02]} Ng6 {[%clk 00:27:51] [%emt 00:03:28]} 27.
Qf2 {[%clk 00:16:14] [%emt 00:00:30]} Nh5 {[%clk 00:28:06] [%emt 00:00:15]} 28.
Nd5 {[%clk 00:07:33] [%emt 00:09:11]} Bxb2 {[%clk 00:28:02] [%emt 00:00:33]} 29.
Rxb2 {[%clk 00:07:59] [%emt 00:00:05]} Qg7 {[%clk 00:28:02] [%emt 00:00:29]} 30.
Re2 {[%clk 00:05:48] [%emt 00:02:43]} Ngxf4 {[%clk 00:25:50] [%emt 00:02:42]}
31. Nxf4 {[%clk 00:05:36] [%emt 00:00:42]} Nxf4 {[%clk 00:26:14] [%emt
00:00:05]} 32. Re3 {[%clk 00:06:05] [%emt 00:00:02]} Nxd3 {[%clk 00:25:12] [%emt
00:01:32]} 33. Rxd3 {[%clk 00:06:19] [%emt 00:00:16]} Bxc4 {[%clk 00:25:36]
[%emt 00:00:05]} 34. Rad1 {[%clk 00:06:44] [%emt 00:00:06]} Qg4 {[%clk 00:25:39]
[%emt 00:00:26]} 0-1

[Site "Europe Echecs"]